[Event "MCRE_PF13"]
[Site "?"]
[Date "2003.??.??"]
[Round "?"]
[White "Thoma, Otomar"]
[Black "Paulik, Vaclav"]
[Result "1/2-1/2"]
[WhiteElo "2200"]
[BlackElo "2175"]
[PlyCount "71"]
[EventDate "2003.??.??"]
[EventType "corr"]
[EventRounds "2"]

1. e4 c5 2. Nf3 Nc6 3. d4 cxd4 4. Nxd4 Nf6 5. Nc3 e5 6. Ndb5 d6 7. Bg5 a6 8.
Na3 b5 9. Nd5 Be7 10. Bxf6 Bxf6 11. c3 O-O 12. Nc2 Bg5 13. a4 bxa4 14. Rxa4 Rb8
15. b4 a5 16. Bc4 Bd7 17. Ra3 Kh8 18. O-O f5 19. exf5 Bxf5 20. bxa5 Nxa5 21.
Bd3 e4 22. Be2 Nc6 23. c4 Rb2 24. f4 Bf6 25. g4 Be6 26. g5 Be7 27. Re3 Bxd5 28.
Qxd5 Rxc2 29. Qxc6 d5 30. Kh1 Bxg5 31. Qxd5 Qxd5 32. cxd5 Bxf4 33. Rxe4 g5 34.
h4 h6 35. hxg5 hxg5 36. Kg2 1/2-1/2

[Event "MCRE_PF13"]
[Site "?"]
[Date "2003.??.??"]
[Round "?"]
[White "Hlavica, Bretislav"]
[Black "Thoma, Otomar"]
[Result "1/2-1/2"]
[WhiteElo "2185"]
[BlackElo "2200"]
[PlyCount "99"]
[EventDate "2003.??.??"]
[EventType "corr"]
[EventRounds "2"]

1. d4 Nf6 2. c4 e6 3. Nc3 Bb4 4. e3 c5 5. Bd3 O-O 6. Nf3 d5 7. O-O Nc6 8. a3
Bxc3 9. bxc3 dxc4 10. Bxc4 Qc7 11. Qc2 e5 12. Bd3 Re8 13. e4 exd4 14. cxd4 Bg4
15. e5 Bxf3 16. exf6 Nxd4 17. Bxh7+ Kh8 18. fxg7+ Kxg7 19. Bb2 Rad8 20. gxf3
Rh8 21. Kh1 Kf8 22. Bxd4 Rxd4 23. Rg1 Rh4 24. Rg2 R8xh7 25. f4 R7h5 26. Qd1 Rh6
27. Rb1 Rg6 28. Qf3 Rxg2 29. Kxg2 b6 30. Qa8+ Kg7 31. Rb3 Rg4+ 32. Rg3 Rxg3+
33. fxg3 c4 34. Qe4 c3 35. Qc2 b5 36. Kf3 a5 37. Ke2 f6 38. Kd3 Qc4+ 39. Ke3 b4
40. axb4 axb4 41. Qf5 Qc6 42. Qg4+ Kf8 43. Qh5 Qe6+ 44. Kd3 Kg7 45. f5 Qd5+ 46.
Ke3 Kf8 47. Qh8+ Ke7 48. Qc8 Qd6 49. Ke4 Kf7 50. g4 1/2-1/2

[Event "MCRE_PF13"]
[Site "?"]
[Date "2003.??.??"]
[Round "?"]
[White "Paulik, Vaclav"]
[Black "Thoma, Otomar"]
[Result "0-1"]
[WhiteElo "2175"]
[BlackElo "2200"]
[PlyCount "86"]
[EventDate "2003.??.??"]
[EventType "corr"]
[EventRounds "2"]

1. e4 e5 2. Nf3 Nc6 3. d4 exd4 4. Nxd4 Bc5 5. Be3 Qf6 6. c3 Nge7 7. Bc4 O-O 8.
O-O Ne5 9. Be2 d5 10. Nd2 Bb6 11. a4 N5c6 12. Nxc6 bxc6 13. Bd3 Bxe3 14. fxe3
Qg5 15. Qe2 Bg4 16. Qf2 Rad8 17. Rae1 Ng6 18. Qg3 f6 19. h3 Ne5 20. Bc2 Be6 21.
Qxg5 fxg5 22. Rxf8+ Kxf8 23. Nb3 g4 24. Nd4 Re8 25. h4 h5 26. b4 Ke7 27. Bb3
Rf8 28. Nxe6 Kxe6 29. Rd1 Kd6 30. exd5 c5 31. e4 cxb4 32. cxb4 Rf4 33. Bc2 Nc4
34. Re1 g3 35. Bd3 Ne5 36. Bc2 Rxh4 37. Re3 Rg4 38. Bd1 Rh4 39. Bf3 g6 40. b5
Rf4 41. a5 h4 42. Be2 Rf2 43. Bf1 h3 0-1

[Event "MCRE_PF13"]
[Site "?"]
[Date "2003.??.??"]
[Round "?"]
[White "Kohler, Josef"]
[Black "Thoma, Otomar"]
[Result "1/2-1/2"]
[WhiteElo "2210"]
[BlackElo "2200"]
[PlyCount "84"]
[EventDate "2003.??.??"]
[EventType "corr"]
[EventRounds "2"]

1. c4 Nf6 2. Nc3 e6 3. Nf3 Bb4 4. Qc2 O-O 5. a3 Bxc3 6. Qxc3 b6 7. g3 Bb7 8.
Bg2 d5 9. cxd5 Nxd5 10. Qc2 c5 11. O-O Nc6 12. b3 e5 13. Bb2 Re8 14. e3 Rc8 15.
Rad1 h6 16. Nh4 Rc7 17. Rfe1 Rce7 18. Nf5 Re6 19. f4 Qd7 20. fxe5 Nxe5 21. d4
cxd4 22. Rxd4 Rf6 23. Red1 Rxf5 24. e4 Nf3+ 25. Bxf3 Rxf3 26. R4d3 Rxd3 27.
Qxd3 Rd8 28. exd5 Bxd5 29. Qe2 Qc6 30. b4 f6 31. Rc1 Qe6 32. Qxe6+ Bxe6 33. Bc3
Kf7 34. Kf2 Rd3 35. a4 a6 36. Be1 b5 37. Rc7+ Kg6 38. a5 Rd6 39. Rb7 Bc8 40.
Rc7 Bg4 41. Kg2 h5 42. Bf2 Bf5 1/2-1/2

[Event "MCRE_PF13"]
[Site "?"]
[Date "2003.??.??"]
[Round "?"]
[White "Nemecek, Pavel"]
[Black "Thoma, Otomar"]
[Result "1/2-1/2"]
[WhiteElo "2035"]
[BlackElo "2200"]
[PlyCount "57"]
[EventDate "2003.??.??"]
[EventType "corr"]
[EventRounds "2"]

1. e4 c5 2. Nf3 d6 3. d4 cxd4 4. Nxd4 Nf6 5. Nc3 a6 6. Bg5 e6 7. f4 Be7 8. Qf3
Qc7 9. O-O-O Nbd7 10. g4 b5 11. Bxf6 Nxf6 12. g5 Nd7 13. f5 Bxg5+ 14. Kb1 Ne5
15. Qh5 Qd7 16. Nxe6 g6 17. Qxg5 fxe6 18. f6 Qd8 19. Bh3 O-O 20. Rhf1 Ra7 21.
Rf2 Raf7 22. Rdf1 h6 23. Qxh6 Rxf6 24. Rxf6 Rxf6 25. Qd2 Rxf1+ 26. Bxf1 Qb6 27.
Qf4 Qg1 28. Qf6 Nc4 29. Qd8+ 1/2-1/2

[Event "MCRE_PF13"]
[Site "?"]
[Date "2003.??.??"]
[Round "?"]
[White "Hlavica, Bretislav"]
[Black "Kohler, Josef"]
[Result "0-1"]
[WhiteElo "2185"]
[BlackElo "2210"]
[PlyCount "110"]
[EventDate "2003.??.??"]
[EventType "corr"]
[EventRounds "2"]

1. d4 Nf6 2. c4 e6 3. Nc3 Bb4 4. e3 O-O 5. Bd3 c5 6. Nf3 d5 7. O-O dxc4 8. Bxc4
Nbd7 9. a3 cxd4 10. Qxd4 Bxc3 11. Qxc3 Qc7 12. Rd1 b6 13. Bd2 Bb7 14. Be2 Rfc8
15. Rac1 Qd8 16. Qd4 Rxc1 17. Bxc1 Qc7 18. b4 e5 19. Qd2 a5 20. Bb2 axb4 21.
Rc1 Qb8 22. Qxb4 h6 23. Nd2 Ba6 24. Bf3 Bb7 25. Bxb7 Qxb7 26. h3 Qd5 27. Nf3
Ne4 28. Qc4 Ra5 29. Qc8+ Kh7 30. Qd8 Ra8 31. Qc7 f6 32. Qc2 Ndc5 33. Rd1 Qb3
34. Ne1 Rc8 35. Qb1 Kh8 36. Nf3 Qc4 37. Rc1 Qa6 38. Nh4 Qe2 39. Rc2 Qd3 40. Rc1
Rd8 41. Qc2 Qxc2 42. Rxc2 Rd1+ 43. Kh2 Nd3 44. f4 Nd2 45. Kg3 Nf1+ 46. Kf3 e4+
47. Kxe4 Ng3+ 48. Kf3 Ne1+ 49. Kxg3 Nxc2 50. Kf3 b5 51. Ke2 Rb1 52. Bd4 Nxa3
53. Nf3 Kg8 54. e4 Rb3 55. e5 Nc2 0-1

[Event "MCRE_PF13"]
[Site "?"]
[Date "2003.??.??"]
[Round "?"]
[White "Paulik, Vaclav"]
[Black "Pecka, Josef"]
[Result "1/2-1/2"]
[WhiteElo "2175"]
[BlackElo "2285"]
[PlyCount "125"]
[EventDate "2003.??.??"]
[EventType "corr"]
[EventRounds "2"]

1. e4 e6 2. d4 d5 3. exd5 exd5 4. Nf3 Nf6 5. Bd3 Be7 6. O-O O-O 7. Bg5 Bg4 8.
Nbd2 Nbd7 9. c3 Re8 10. Qc2 h6 11. Bh4 c6 12. Rfe1 Qc7 13. Bg3 Bd6 14. Bxd6
Qxd6 15. h3 Bxf3 16. Nxf3 Qf4 17. a4 Ne4 18. Re2 Re6 19. c4 Ndf6 20. cxd5 cxd5
21. Rae1 Rc6 22. Qb3 Rb6 23. Qd1 a5 24. Qc2 Rb4 25. b3 Qd6 26. Bxe4 Nxe4 27.
Re3 Rf8 28. Nd2 Ng5 29. Qc5 Qxc5 30. dxc5 Ne6 31. Rd3 Rd8 32. Rc1 Rd4 33. Rxd4
Nxd4 34. Rb1 Ra8 35. Nf1 Ne2+ 36. Kh2 Rc8 37. b4 Nc3 38. Rb3 axb4 39. Rxb4 Rxc5
40. Rxb7 Nxa4 41. Rd7 g6 42. Ne3 Nc3 43. Ng4 Kg7 44. Ne5 Kf6 45. f4 Ne2 46.
Rxf7+ Ke6 47. Rg7 Rc2 48. Rxg6+ Kf5 49. Rg8 Nxf4 50. Nf3 Ra2 51. Rf8+ Ke4 52.
Rc8 Kd3 53. Ne1+ Ke3 54. Kg3 Ne2+ 55. Kh4 d4 56. Kh5 d3 57. Rd8 Nd4 58. Nxd3
Kxd3 59. g4 Rh2 60. Kxh6 Rxh3+ 61. Kg6 Ke4 62. Ra8 Rb3 63. g5 1/2-1/2

[Event "MCRE_PF13"]
[Site "?"]
[Date "2003.??.??"]
[Round "?"]
[White "Postl, Rostislav"]
[Black "Pecka, Josef"]
[Result "1-0"]
[WhiteElo "2195"]
[BlackElo "2285"]
[PlyCount "157"]
[EventDate "2003.??.??"]
[EventType "corr"]
[EventRounds "2"]

1. d4 d5 2. c4 dxc4 3. Nf3 Nf6 4. e3 Bg4 5. Bxc4 e6 6. h3 Bh5 7. Nc3 Nbd7 8.
O-O c6 9. Be2 Be7 10. e4 Qc7 11. Qc2 O-O 12. e5 Ne8 13. Ne4 h6 14. Bd2 Rd8 15.
Rfd1 Bg6 16. Rac1 Kh8 17. Bd3 Bh5 18. g4 Bg6 19. g5 Bh5 20. Be2 Bxf3 21. Bxf3
hxg5 22. Bxg5 f6 23. Bh4 Nb6 24. Bg3 f5 25. Nc5 Bxc5 26. dxc5 Nd5 27. Qd2 f4
28. Bh4 Rd7 29. Re1 g6 30. Bg5 Rf5 31. h4 Ng7 32. Qe2 Rf8 33. Rc4 Nf5 34. Rec1
Nxh4 35. Bxd5 cxd5 36. Ra4 b5 37. Rb4 a5 38. Rxb5 Nf5 39. Qd2 Qxe5 40. Qxf4 Qe2
41. c6 Rdf7 42. c7 Nd6 43. Qh4+ Rh7 44. Bf6+ Kg8 45. Qg5 Kf7 46. Qf4 Nc8 47.
Rb8 g5 48. Bxg5+ Kg6 49. Qg3 Kf7 50. Rb3 Rfh8 51. Qf3+ Qxf3 52. Rxf3+ Ke8 53.
Kg2 Kd7 54. Bf4 Rg7+ 55. Bg3 Nd6 56. Ra3 Ra8 57. Kf1 Rgg8 58. Ke2 Rgf8 59. Bh2
a4 60. Rh3 Rac8 61. Rh4 a3 62. b4 Rf7 63. Rh3 Nc4 64. Rd3 Rcf8 65. Bg3 Kc8 66.
b5 Rg7 67. b6 Rgg8 68. Rb3 Kb7 69. Rh1 Rg7 70. Rb5 Rd7 71. Kd3 e5 72. Rh6 Rf3+
73. Kc2 Rf8 74. Re6 e4 75. Kc3 Ra8 76. Kd4 Nb2 77. Rd6 Rxd6 78. Bxd6 Nd1 79.
Rb3 1-0

[Event "MCRE_PF13"]
[Site "?"]
[Date "2003.??.??"]
[Round "?"]
[White "Nemecek, Pavel"]
[Black "Paulik, Vaclav"]
[Result "1/2-1/2"]
[WhiteElo "2035"]
[BlackElo "2195"]
[PlyCount "65"]
[EventDate "2003.??.??"]
[EventType "corr"]
[EventRounds "2"]

1. d4 Nf6 2. c4 g6 3. Nc3 d5 4. Nf3 Bg7 5. cxd5 Nxd5 6. e4 Nxc3 7. bxc3 c5 8.
Bb5+ Nc6 9. O-O cxd4 10. cxd4 O-O 11. Be3 Bg4 12. Bxc6 bxc6 13. Rc1 Qa5 14.
Rxc6 Qxa2 15. Rc7 Qe6 16. h3 Qd6 17. Rc5 Bxf3 18. Qxf3 a5 19. e5 Qe6 20. Ra1 a4
21. Rc7 f6 22. Qb7 Rfe8 23. Ra3 fxe5 24. d5 Qa6 25. Ba7 Qxb7 26. Rxb7 Red8 27.
Rxa4 Rxd5 28. Rxe7 Bf8 29. Rc7 Bd6 30. Rcc4 Kf7 31. Kf1 Ke6 32. Ke2 h5 33. Ra6
1/2-1/2

[Event "MCRE_PF13"]
[Site "?"]
[Date "2003.??.??"]
[Round "?"]
[White "Pecka, Josef"]
[Black "Kohler, Josef"]
[Result "1/2-1/2"]
[WhiteElo "2285"]
[BlackElo "2210"]
[PlyCount "87"]
[EventDate "2003.??.??"]
[EventType "corr"]
[EventRounds "2"]

1. e4 c5 2. Nf3 Nc6 3. d4 cxd4 4. Nxd4 Nf6 5. Nc3 d6 6. Bg5 e6 7. Qd2 a6 8.
O-O-O h6 9. Be3 Be7 10. f4 Bd7 11. h3 b5 12. Bd3 Nxd4 13. Bxd4 Bc6 14. Qe3 O-O
15. Kb1 Qc7 16. e5 dxe5 17. Bxe5 Qb7 18. Rhe1 Rad8 19. g4 b4 20. Ne2 Nd5 21.
Qg3 f6 22. Bd4 Bd6 23. h4 Rc8 24. Rg1 g5 25. hxg5 hxg5 26. Qh3 Nxf4 27. Nxf4
Bxf4 28. Bc4 Kg7 29. Bxe6 Rce8 30. Bf5 Rh8 31. Qd3 Rh2 32. Rge1 Rd2 33. Qh3 Rh2
34. Qf1 Rxe1 35. Rxe1 Bd5 36. c4 bxc3 37. Bxc3 Qb5 38. Re7+ Kf8 39. Qxb5 axb5
40. Bb4 Kg8 41. Re8+ Kg7 42. Re7+ Kg8 43. Re8+ Kg7 44. Re7+ 1/2-1/2

[Event "MCRE_PF13"]
[Site "?"]
[Date "2003.??.??"]
[Round "?"]
[White "Kohler, Josef"]
[Black "Paulik, Vaclav"]
[Result "1-0"]
[WhiteElo "2210"]
[BlackElo "2175"]
[PlyCount "67"]
[EventDate "2003.??.??"]
[EventType "corr"]
[EventRounds "2"]

1. c4 Nf6 2. Nf3 e6 3. Nc3 c5 4. g3 b6 5. Bg2 Bb7 6. O-O Be7 7. d4 cxd4 8. Qxd4
d6 9. Rd1 a6 10. b3 Nbd7 11. e4 Rc8 12. Bb2 O-O 13. Qe3 Nc5 14. Nd4 Qc7 15. h3
h5 16. Rd2 Rfd8 17. Rad1 h4 18. g4 Nh7 19. f4 Re8 20. Qf2 Nf8 21. g5 Ng6 22. f5
exf5 23. Nxf5 Bxg5 24. Nxg7 Re5 25. Nf5 Bxd2 26. Qxd2 f6 27. Nd5 Bxd5 28. Bxe5
dxe5 29. cxd5 a5 30. d6 Qd7 31. Bf1 Nf4 32. Ne7+ Kg7 33. Nxc8 Qxc8 34. d7 1-0

[Event "MCRE_PF13"]
[Site "?"]
[Date "2003.??.??"]
[Round "?"]
[White "Paulik, Vaclav"]
[Black "Kohler, Josef"]
[Result "1/2-1/2"]
[WhiteElo "2175"]
[BlackElo "2210"]
[PlyCount "115"]
[EventDate "2003.??.??"]
[EventType "corr"]
[EventRounds "2"]

1. e4 c5 2. Nf3 Nc6 3. Bb5 g6 4. O-O Bg7 5. c3 Nf6 6. d4 cxd4 7. cxd4 Nxe4 8.
d5 Nd6 9. Na3 a6 10. Qa4 Na7 11. Bd3 b5 12. Qb3 Bb7 13. Nc2 e6 14. Ne3 O-O 15.
Bd2 Nac8 16. a4 Nb6 17. Ba5 exd5 18. axb5 axb5 19. Bc3 d4 20. Nxd4 Nbc4 21.
Bxc4 bxc4 22. Qb4 Qc7 23. Nb5 Nxb5 24. Qxb5 Rfc8 25. Rxa8 Bxa8 26. Rd1 Qc6 27.
Qxc6 Bxc6 28. Nxc4 d5 29. Ne5 Bb7 30. f4 f6 31. Nf3 Kf7 32. Kf2 Bh6 33. g3 Bf8
34. Ra1 Bc5+ 35. Bd4 Bd6 36. Ke3 Re8+ 37. Kd3 Bc8 38. Ra7+ Re7 39. Rxe7+ Kxe7
40. Kc3 Bg4 41. Ne1 g5 42. Nd3 Bc7 43. b4 Bd7 44. fxg5 fxg5 45. Be5 Bb6 46. Nc5
g4 47. Nxd7 Kxd7 48. Bd4 Bd8 49. b5 Kc8 50. Kd3 Kb7 51. Bc5 Bf6 52. Ke3 Be5 53.
Bd4 Bd6 54. Kd3 Bc7 55. Bc5 Be5 56. Ke3 h5 57. Bd4 Bc7 58. Kd3 1/2-1/2

[Event "MCRE_PF13"]
[Site "?"]
[Date "2003.??.??"]
[Round "?"]
[White "Paulik, Vaclav"]
[Black "Hlavica, Bretislav"]
[Result "1/2-1/2"]
[WhiteElo "2175"]
[BlackElo "2185"]
[PlyCount "132"]
[EventDate "2003.??.??"]
[EventType "corr"]
[EventRounds "2"]

1. e4 g6 2. d4 Bg7 3. Nc3 d6 4. Nf3 Nf6 5. Be2 O-O 6. O-O c6 7. a4 a5 8. Re1
Na6 9. Bf1 Nb4 10. Nb1 Bg4 11. Nbd2 Qc7 12. c3 Na6 13. Nc4 d5 14. exd5 Nxd5 15.
Nce5 Bf5 16. Bc4 Qd6 17. Qe2 Nac7 18. Nd2 Rad8 19. Ne4 Bxe4 20. Qxe4 c5 21.
dxc5 Qxc5 22. Nf3 e6 23. Bg5 Rd6 24. Qh4 Qb6 25. Rab1 Rc8 26. Bd2 Rcd8 27. Bf1
Ne8 28. Bg5 f6 29. Bc1 Nec7 30. Nd2 R6d7 31. Ne4 f5 32. Bg5 Re8 33. Nd2 e5 34.
Nc4 Qc5 35. Rbd1 e4 36. Ne3 Kh8 37. Be2 Qc6 38. Nxd5 Rxd5 39. Rxd5 Qxd5 40. Qg3
Be5 41. Qe3 Qb3 42. Bf4 Bxf4 43. Qxf4 Ne6 44. Qe5+ Ng7 45. Qxa5 Qxb2 46. Kf1 f4
47. Rd1 Qc2 48. Qb4 b6 49. Qxb6 Qxa4 50. Qf6 Qa5 51. Rd7 Qe5 52. Qxe5 Rxe5 53.
Ba6 Ne8 54. c4 Kg8 55. Bb5 Kf8 56. Ke2 Nf6 57. Ra7 g5 58. g3 Re7 59. Rxe7 Kxe7
60. gxf4 gxf4 61. c5 h6 62. h3 Nd5 63. Bc4 Nc3+ 64. Kd2 Na4 65. c6 Kd6 66. Bf7
Nb2 1/2-1/2

[Event "MCRE_PF13"]
[Site "?"]
[Date "2003.??.??"]
[Round "?"]
[White "Nemecek, Pavel"]
[Black "Kohler, Josef"]
[Result "1/2-1/2"]
[WhiteElo "2035"]
[BlackElo "2210"]
[PlyCount "79"]
[EventDate "2003.??.??"]
[EventType "corr"]
[EventRounds "2"]

1. e4 c5 2. Nf3 Nc6 3. d4 cxd4 4. Nxd4 Nf6 5. Nc3 d6 6. Bg5 e6 7. Qd2 a6 8.
O-O-O Bd7 9. f4 b5 10. Bxf6 gxf6 11. f5 Nxd4 12. Qxd4 Bh6+ 13. Kb1 Bf4 14. fxe6
fxe6 15. Qf2 Be5 16. Ne2 Qc7 17. Nd4 Qc5 18. Rd2 h5 19. Be2 a5 20. Rhd1 a4 21.
Bf1 b4 22. Nf3 Qxf2 23. Rxf2 Bf4 24. Bc4 Rc8 25. b3 Rg8 26. Nd4 Bxh2 27. Rxf6
Be5 28. Rxe6+ Bxe6 29. Bxe6 Rxg2 30. Bxc8 Bxd4 31. bxa4 Be5 32. Rh1 Kd8 33. Be6
Rg3 34. Kc1 Bc3 35. a3 bxa3 36. Kb1 Re3 37. Bf5 Re1+ 38. Rxe1 Bxe1 39. Ka2 Bb4
40. a5 1/2-1/2

[Event "MCRE_PF13"]
[Site "?"]
[Date "2003.??.??"]
[Round "?"]
[White "Hlavica, Bretislav"]
[Black "Nemecek, Pavel"]
[Result "0-1"]
[WhiteElo "2185"]
[BlackElo "2035"]
[PlyCount "72"]
[EventDate "2003.??.??"]
[EventType "corr"]
[EventRounds "2"]

1. d4 f5 2. c4 e6 3. Nf3 Nf6 4. g3 Be7 5. Bg2 O-O 6. O-O Ne4 7. Nbd2 d5 8. b3
Nc6 9. Bb2 a5 10. Rc1 Bd7 11. a3 g5 12. Ne5 Nxe5 13. dxe5 Nxd2 14. Qxd2 c6 15.
Rfd1 Be8 16. Qd4 h5 17. cxd5 exd5 18. Rd2 Bg6 19. e3 h4 20. gxh4 f4 21. Bf3
fxe3 22. Qxe3 Kh7 23. h5 Bf5 24. h3 Qd7 25. Bg2 Rf7 26. Rc3 Rg8 27. Qd4 g4 28.
h4 Bxh4 29. b4 Rgg7 30. b5 Qe8 31. a4 Bd7 32. Rcc2 Rf4 33. Qa7 g3 34. f3 Qxh5
35. Qxb7 Rff7 36. e6 Bxe6 0-1

[Event "MCRE_PF13"]
[Site "?"]
[Date "2003.??.??"]
[Round "?"]
[White "Paulik, Vaclav"]
[Black "Nemecek, Pavel"]
[Result "0-1"]
[WhiteElo "2175"]
[BlackElo "2035"]
[PlyCount "86"]
[EventDate "2003.??.??"]
[EventType "corr"]
[EventRounds "2"]

1. e4 c5 2. d4 cxd4 3. c3 dxc3 4. Nxc3 Nc6 5. Bc4 e6 6. Nf3 a6 7. Qe2 b5 8. Bb3
Bc5 9. O-O Nge7 10. Rd1 O-O 11. e5 Ng6 12. Ne4 Be7 13. Nd6 Bxd6 14. Rxd6 Qc7
15. Be3 Ncxe5 16. Rad1 Nxf3+ 17. Qxf3 Bb7 18. Qg3 Bc6 19. Rc1 Rac8 20. h4 Ne7
21. Rc5 f6 22. h5 Kh8 23. h6 Rg8 24. Qf4 Rcf8 25. Qd4 Rf7 26. g3 a5 27. hxg7+
Rgxg7 28. Bh6 Rg6 29. Bf4 Qb7 30. Qd2 Rg8 31. Qe2 Bh1 32. Qf1 Ng6 33. Rd4 Bc6
34. Bd6 Rfg7 35. Qc1 Qb6 36. Qc3 e5 37. Rg4 Re8 38. Qe3 Ba8 39. Bc7 Qa7 40. Bd6
Qa6 41. Qd2 Bf3 42. Rxg6 hxg6 43. Rxe5 Rc8 0-1

[Event "MCRE_PF13"]
[Site "?"]
[Date "2003.??.??"]
[Round "?"]
[White "Nemecek, Pavel"]
[Black "Hlavica, Bretislav"]
[Result "1/2-1/2"]
[WhiteElo "2035"]
[BlackElo "2185"]
[PlyCount "87"]
[EventDate "2003.??.??"]
[EventType "corr"]
[EventRounds "2"]

1. e4 g6 2. d4 Bg7 3. Nf3 d6 4. Nc3 Nf6 5. Be2 O-O 6. O-O c6 7. Re1 b5 8. e5
Ne8 9. Bf4 Bf5 10. h3 Nd7 11. Qd2 dxe5 12. dxe5 Nxe5 13. Qxd8 Nxf3+ 14. Bxf3
Rxd8 15. Rxe7 b4 16. Na4 Bxc2 17. Bxc6 a5 18. Re2 Bf5 19. Rc1 Bd7 20. Bxd7 Rxd7
21. Rc5 Ra7 22. Nb6 Bd4 23. Rc6 Ng7 24. Rd2 Bxb6 25. Rxb6 Ne6 26. Be3 Raa8 27.
a3 bxa3 28. bxa3 Rfc8 29. Rd3 h5 30. Rd7 Rc7 31. Rxc7 Nxc7 32. Rb7 Nd5 33. Bd4
Nf4 34. Bf6 a4 35. g3 Ne6 36. Kg2 Nc5 37. Rc7 Ne6 38. Rc4 g5 39. h4 g4 40. f3
gxf3+ 41. Kxf3 Kh7 42. g4 hxg4+ 43. Rxg4 Kh6 44. Kg3 1/2-1/2

[Event "MCRE_PF13"]
[Site "?"]
[Date "2003.??.??"]
[Round "?"]
[White "Pecka, Josef"]
[Black "Nemecek, Pavel"]
[Result "1-0"]
[WhiteElo "2285"]
[BlackElo "2035"]
[PlyCount "107"]
[EventDate "2003.??.??"]
[EventType "corr"]
[EventRounds "2"]

1. e4 c5 2. Nf3 e6 3. d4 cxd4 4. Nxd4 Nf6 5. Nc3 d6 6. g4 h6 7. g5 hxg5 8. Bxg5
Nc6 9. Qd2 Qb6 10. Nb3 Bd7 11. O-O-O a6 12. h4 Be7 13. h5 O-O-O 14. Be2 Na5 15.
Qf4 Nxb3+ 16. axb3 e5 17. Qf3 Be6 18. h6 Rdg8 19. h7 Re8 20. Bxf6 Bxf6 21. Nd5
Bxd5 22. Rxd5 Kc7 23. Kb1 Rd8 24. Bc4 Kb8 25. Rdd1 Rd7 26. Rdg1 Qc7 27. Bd5 Qc5
28. Qg4 Rc7 29. Qe2 g6 30. Rg3 Bg7 31. Rc3 Qb6 32. Qe3 Qxe3 33. Rxe3 Kc8 34. b4
Kd8 35. b5 axb5 36. Rb3 Kc8 37. Rxb5 Kb8 38. Rb3 Ka7 39. Rf3 f6 40. c4 Kb6 41.
Kc2 Re7 42. Kd2 g5 43. Ra3 Kc7 44. Ke2 Ree8 45. Rb3 Rb8 46. Kf3 Rhe8 47. Kg4
Kc8 48. Kf5 Bh8 49. Rh6 Re7 50. Rbh3 Kd7 51. Rg6 Ree8 52. Rg8 Kc7 53. Rb3 Rec8
54. Rb5 1-0

[Event "MCRE_PF13"]
[Site "?"]
[Date "2003.??.??"]
[Round "?"]
[White "Nemecek, Pavel"]
[Black "Pecka, Josef"]
[Result "1/2-1/2"]
[WhiteElo "2035"]
[BlackElo "2285"]
[PlyCount "111"]
[EventDate "2003.??.??"]
[EventType "corr"]
[EventRounds "2"]

1. e4 e6 2. d4 d5 3. exd5 exd5 4. Nf3 Bd6 5. c4 Nf6 6. Nc3 dxc4 7. Bxc4 O-O 8.
O-O Nc6 9. Bg5 h6 10. Bh4 Bg4 11. h3 Bxf3 12. Qxf3 g5 13. Ne4 Nxe4 14. Qxe4 Qf6
15. Bg3 Rae8 16. Qg4 Bxg3 17. fxg3 Qxd4+ 18. Qxd4 Nxd4 19. Rf6 Kg7 20. Raf1 Re7
21. a4 Nc2 22. Bb3 Ne3 23. R1f3 g4 24. R3f4 b6 25. hxg4 c5 26. Rd6 Rc8 27. Bd5
Rcc7 28. Bf3 Re8 29. Kf2 Re5 30. a5 b5 31. a6 Nc4 32. Rd3 Re6 33. Rb3 Rxa6 34.
Rxb5 Ne5 35. Re4 f6 36. Re3 c4 37. Be2 Rb6 38. Rxb6 axb6 39. Ke1 b5 40. Kd2
Rd7+ 41. Kc3 Re7 42. Re4 Ra7 43. Rd4 Rb7 44. Kc2 Re7 45. Kd2 Ra7 46. Kc3 Ra1
47. Rd1 Ra2 48. Rd2 Ra4 49. Rd1 Kg6 50. Rf1 Ra2 51. Kc2 Ra8 52. Rd1 Ra4 53. Kc3
Ra2 54. Rd2 Ra8 55. Kb4 Rb8 56. Rd5 1/2-1/2

[Event "MCRE_PF13"]
[Site "?"]
[Date "2003.??.??"]
[Round "?"]
[White "Kohler, Josef"]
[Black "Nemecek, Pavel"]
[Result "1-0"]
[WhiteElo "2210"]
[BlackElo "2035"]
[PlyCount "111"]
[EventDate "2003.??.??"]
[EventType "corr"]
[EventRounds "2"]

1. c4 c5 2. Nf3 Nf6 3. Nc3 e6 4. g3 d5 5. cxd5 exd5 6. d4 Nc6 7. Bg2 Be7 8. O-O
O-O 9. Bg5 Be6 10. Rc1 b6 11. dxc5 bxc5 12. Na4 c4 13. Be3 Rb8 14. Nd4 Nxd4 15.
Bxd4 Qa5 16. Nc3 Rfd8 17. Qc2 Ng4 18. Rfd1 Bf6 19. h3 Bxd4 20. Rxd4 Nf6 21.
Rcd1 h6 22. e3 Rb4 23. e4 Rdb8 24. exd5 Bd7 25. Qc1 Qc5 26. Qf4 a5 27. d6 Nh5
28. Qc1 Rxb2 29. Ne4 Qb6 30. Qxc4 Rc8 31. Qd3 Rxa2 32. Bf3 f5 33. Bxh5 fxe4 34.
Qxe4 Qb3 35. Qe7 Rf8 36. Be2 Rc2 37. Bd3 Rcc8 38. Be4 Qb5 39. Bd5+ Kh7 40. Be6
Bxe6 41. Qxe6 Rce8 42. Qd5 Qd7 43. Kg2 Rf5 44. Qc4 Qb7+ 45. Kg1 Qf3 46. R4d2
Rfe5 47. Rf1 Qf5 48. d7 Rd8 49. Rfd1 Qxh3 50. Qc7 Rh5 51. f3 Rg5 52. Kf2 Rg6
53. Rd4 Re6 54. Re4 Qh2+ 55. Ke3 Rxe4+ 56. fxe4 1-0

[Event "MCRE_PF13"]
[Site "?"]
[Date "2003.??.??"]
[Round "?"]
[White "Kohler, Josef"]
[Black "Pecka, Josef"]
[Result "1-0"]
[WhiteElo "2210"]
[BlackElo "2285"]
[PlyCount "123"]
[EventDate "2003.??.??"]
[EventType "corr"]
[EventRounds "2"]

1. c4 Nf6 2. Nf3 g6 3. Nc3 Bg7 4. e4 c5 5. d4 cxd4 6. Nxd4 d6 7. Be2 Nc6 8. Be3
a6 9. O-O O-O 10. Rc1 Bd7 11. f3 Rc8 12. Nxc6 Rxc6 13. f4 Rc8 14. e5 Ne8 15.
Qb3 b5 16. Nd5 Be6 17. Rcd1 Nc7 18. Nb6 Rb8 19. Qb4 bxc4 20. Bxc4 a5 21. Qc3
Na8 22. Nd5 Bxd5 23. Bxd5 Nb6 24. b3 Nxd5 25. Rxd5 a4 26. Qd3 axb3 27. axb3 Qc7
28. exd6 exd6 29. Rb1 Rfe8 30. b4 Qc3 31. Bd2 Qxd3 32. Rxd3 Re6 33. b5 f5 34.
Kf2 Rb7 35. h3 h5 36. Be3 Kf7 37. b6 Bf6 38. Kf3 Ke8 39. Ra3 Bd8 40. Bf2 Kd7
41. Ra7 Kc8 42. Rc1+ Kb8 43. Rc6 Rbe7 44. g4 d5 45. Rxe7 hxg4+ 46. hxg4 fxg4+
47. Kxg4 Rxc6 48. Re8 Rc8 49. Rg8 Kb7 50. Rxg6 Rc2 51. Rd6 Rxf2 52. Rxd8 Rd2
53. Rd6 Rd1 54. f5 d4 55. Kf3 d3 56. Kf2 Rh1 57. f6 Rh5 58. Rxd3 Kxb6 59. Kg3
Rh8 60. Kf4 Rf8 61. Kg5 Kc5 62. Rf3 1-0

[Event "MCRE_PF13"]
[Site "?"]
[Date "2003.??.??"]
[Round "?"]
[White "Thoma, Otomar"]
[Black "Nemecek, Pavel"]
[Result "1-0"]
[WhiteElo "2200"]
[BlackElo "2035"]
[PlyCount "123"]
[EventDate "2003.??.??"]
[EventType "corr"]
[EventRounds "2"]

1. e4 e5 2. Nf3 Nc6 3. Bb5 a6 4. Ba4 Nf6 5. O-O Be7 6. Re1 b5 7. Bb3 O-O 8. c3
d6 9. h3 Nb8 10. d3 c5 11. Nbd2 Bb7 12. Nf1 Nbd7 13. Ng3 g6 14. Bh6 Re8 15. Qd2
Bf8 16. Rad1 Qe7 17. d4 exd4 18. cxd4 c4 19. Bc2 Rad8 20. Bg5 Bg7 21. b3 cxb3
22. Bxb3 Qf8 23. Qb4 h6 24. Bf4 Nb6 25. d5 Rd7 26. Be3 Nc4 27. Bxc4 bxc4 28.
Qxc4 Qe7 29. Qb4 Rc8 30. Bb6 Qf8 31. Rc1 h5 32. a4 Qe8 33. a5 Bh6 34. Rxc8 Qxc8
35. Qb2 Ne8 36. Be3 Bg7 37. Bd4 Bh6 38. Bb6 Re7 39. Re2 Qd7 40. Nd4 Bg7 41. Qc2
Nc7 42. Nc6 Re8 43. Nb8 Rxb8 44. Qxc7 Qxc7 45. Bxc7 Re8 46. Re3 h4 47. Nf1 Bf8
48. Rb3 Bc8 49. Rb8 Bd7 50. Rxe8 Bxe8 51. Bd8 Bb5 52. Bxh4 Bg7 53. g4 Kf8 54.
f3 Bc3 55. Bd8 Ke8 56. Bb6 Be1 57. Ne3 Bh4 58. Ng2 Bg3 59. Bf2 Be5 60. Be3 Bc3
61. Bb6 Ke7 62. Kf2 1-0